Študijný program školský rok ...

Bibliographic Details
New Title:Ročenka
Corporate Author: Univerzita Komenského v Bratislave. Fakulta managementu
Format: Serial
Language:Slovak
PhysicalDescription:zv. fotogr., tab. 21 cm
Published: Bratislava Univerzita Komenského -2004
ISBN:8022317640 (brož. : r. 2002/2003)
8022318620 (brož. : r. 2003/2004)
8022319767 (brož. : r. 2004/2005)
8022309478 (brož. : r. 1995/1996)
8022310689 (brož. : r. 1996/1997)
8022312010 (brož. : r. 1997/1998)
8022313157 (brož. : r. 1998/1999)
8022314641 (brož. : r. 1999/2000)
8022315230 (brož. : r. 2000/2001)
8022316520 (brož. : r. 2001/2002)
Subjects:

MARC

LEADER 00000cas a2200000 a 4500
001 vtls001471053
003 SK-MaSNL
005 20260425194058.0
008 040316d19uu2004xo ar 0 0b0slo
015 |a SNBE1996/0200824 (r. 1995/1996)  |a SNBE1997/0300840 (1996/1997)  |a SNBE1998/01-00175 (r. 1997/1998)  |a SNBE1999/01-00457 (r. 1998/1999)  |a SNBE2000/04-01534 (r. 1999/2000)  |a SNBE2001/03-01717 (2000/2001)  |a SNBE2002/03-01082 (r. 2001/2002)  |a SNBB2005/02-00454 (r. 2002/2003)  |a SNBB2005/02-00455 (r. 2003/2004)  |a SNBB2008/01-00279 (r. 2004/2005)  |a SNBB2008/01-00280 (r. 2005/2006)  |a SNBB2008/01-00281 (r. 2006/2007)  |a SNBB2008/01-00282 (r. 2007/2008) 
020 |a 8022317640 (brož. : r. 2002/2003) 
020 |a 8022318620 (brož. : r. 2003/2004) 
020 |a 8022319767 (brož. : r. 2004/2005) 
020 |a 8022309478 (brož. : r. 1995/1996) 
020 |a 8022310689 (brož. : r. 1996/1997) 
020 |a 8022312010 (brož. : r. 1997/1998) 
020 |a 8022313157 (brož. : r. 1998/1999) 
020 |a 8022314641 (brož. : r. 1999/2000) 
020 |a 8022315230 (brož. : r. 2000/2001) 
020 |a 8022316520 (brož. : r. 2001/2002) 
035 |a SNK000426356 
040 |a SNK  |b slo  |c SNK  |e AACR2 
041 0 |a slo 
043 |a e-xo--- 
044 |a xo  |c SK 
072 7 |a 378  |x Vysoké školy  |2 konspekt 
080 |a 005  |2 2011 
080 |a 37.091.3  |2 2011 
080 |a (437.6)  |2 2011 
080 |a (036)  |2 2011 
080 |a (073)  |2 2011 
080 |a 378.4  |2 2011 
080 |a (058)  |2 2011 
110 2 |a Univerzita Komenského v Bratislave.  |b Fakulta managementu  |9 32775 
245 1 0 |a Študijný program  |b školský rok ...  |c Univerzita Komenského v Bratislave, Fakulta managementu 
260 |a Bratislava  |b Univerzita Komenského  |c -2004 
300 |a zv.  |b fotogr., tab.  |c 21 cm 
310 |a 1x ročne 
362 0 |a -r. 2004/2005 
500 |a Súčasťou podnázvu je označenie školského roku 
504 |a Zoz. 
610 2 7 |a Univerzita Komenského v Bratislave.  |b Fakulta managementu  |2 SNKKA  |9 32775 
650 0 7 |a univerzity  |2 SNKPH  |9 22152 
650 0 7 |a manažment  |2 SNKPH  |9 922 
650 0 7 |a štúdium a výučba  |2 SNKPH  |9 3982 
651 7 |a Bratislava (Slovensko)  |2 SNKPHgeo  |9 14568 
655 7 |a informačné publikácie  |2 SNKPH  |9 70181 
655 7 |a študijné programy  |2 SNKPH  |9 265409 
655 7 |a ročenky  |2 SNKPH  |9 57146 
785 0 0 |t Ročenka  |w (SNK) vtls008306950 
910 |a snk 
910 |a 80-223-0947-8 
910 |a 80-223-1068-9 
910 |a 80-223-1201-0 
910 |a 80-223-1315-7 
910 |a 80-223-1464-1 
910 |a 80-223-1523-0 
910 |a 80-223-1652-0 
919 |a 80-223-1764-0 
919 |a 80-223-1862-0 
919 |a 80-223-1976-7 
999 |c 3453  |d 5383 
952 |t R. 1996-1997  |a SNK  |b SNK  |y NEVYP  |7 0  |o snkC 665  |i snk1248/970319  |0 0  |1 0  |4 0  |d 1997-03-17  |l 0  |r 2005-01-02 00:00:00  |w 2026-02-21 
952 |a SNK  |b SNK  |y PREZ  |7 0  |p 17A0055374  |o snkČSD 1848/1996-1997  |i snkKSP 2925/97  |8 0  |0 0  |1 0  |4 0  |d 1997-03-17  |l 0  |r 2005-01-02 00:00:00  |w 2026-02-21 
952 |a SNK  |b SNK  |y PREZ  |7 0  |p 17A0055373  |o snkČSD 1848/1996-1997 D1  |i snkKSP 2926/97  |8 0  |0 0  |1 0  |4 0  |d 1997-03-17  |l 0  |r 2005-01-02 00:00:00  |w 2026-02-21 
952 |a SNK  |b SNK  |y PREZ  |7 0  |p 17A0358018  |o snkČSD 1848/2002-2003  |i snkPV 84/2004  |0 0  |1 0  |4 0  |d 2004-03-16  |l 0  |r 2005-01-02 00:00:00  |w 2026-02-21 
952 |a SNK  |b SNK  |y PREZ  |7 0  |p 17A0358019  |o snkČSD 1848/2002-2003 D1  |i snkPV 85/2004  |0 0  |1 0  |4 0  |d 2004-03-16  |l 0  |r 2005-01-02 00:00:00  |w 2026-02-21 
952 |a SNK  |b SNK  |y PREZ  |7 0  |p 17A0416013  |o snkČSD 1848/2003-2004  |i snkPV 108/2004  |0 0  |1 0  |4 0  |d 2004-03-16  |l 0  |r 2005-01-02 00:00:00  |w 2026-02-21 
952 |a SNK  |b SNK  |y PREZ  |7 0  |p 17A0416014  |o snkČSD 1848/2003-2004 D1  |i snkPV 109/2004  |0 0  |1 0  |4 0  |d 2004-03-16  |l 0  |r 2005-01-02 00:00:00  |w 2026-02-21 
952 |a SNK  |b SNK  |y PREZ  |7 0  |p 17A0446034  |o snkČSD 1848/2004-2005  |i snkPV 1475/2004  |0 0  |1 0  |4 0  |d 2004-11-12  |l 0  |r 2005-01-02 00:00:00  |w 2026-02-21 
952 |a SNK  |b SNK  |y PREZ  |7 0  |p 17A0446035  |o snkČSD 1848/2004-2005 D1  |i snkPV 1476/2004  |0 0  |1 0  |4 0  |d 2004-11-12  |l 0  |r 2005-01-02 00:00:00  |w 2026-02-21 
952 |a SNK  |b SNK  |y PREZ  |7 0  |p 17A0116747  |o snkČSD 1848/1997-1998  |i snkKSP 490/98  |0 0  |1 0  |4 0  |d 1998-01-20  |l 0  |r 2005-01-02 00:00:00  |w 2026-02-21 
952 |a SNK  |b SNK  |y PREZ  |7 0  |p 17A0249371  |o snkČSD 1848/1999-2000  |i snkKSP 8822/2000  |0 0  |1 0  |4 0  |d 2000-08-28  |l 0  |r 2005-01-02 00:00:00  |w 2026-02-21 
952 |a SNK  |b SNK  |y PREZ  |7 0  |p 17A0249372  |o snkČSD 1848/1999-2000 D1  |i snkKSP 8823/2000  |0 0  |1 0  |4 0  |d 2000-08-28  |l 0  |r 2005-01-02 00:00:00  |w 2026-02-21 
952 |a SNK  |b SNK  |y PREZ  |7 0  |p 17A0116748  |o snkČSD 1848/1997-1998 D1  |i snkKSP 491/98  |0 0  |1 0  |4 0  |d 1998-01-20  |l 0  |r 2005-01-02 00:00:00  |w 2026-02-21 
952 |a SNK  |b SNK  |y PREZ  |7 0  |p 17A0295621  |o snkČSD 1848/2000-2001  |i snkKSP 5169/2001  |0 0  |1 0  |4 0  |d 2001-04-18  |l 0  |r 2005-01-02 00:00:00  |w 2026-02-21 
952 |a SNK  |b SNK  |y PREZ  |7 0  |p 17A0295622  |o snkČSD 1848/2000-2001 D1  |i snkKSP 5170/2001  |0 0  |1 0  |4 0  |d 2001-04-18  |l 0  |r 2005-01-02 00:00:00  |w 2026-02-21 
952 |a SNK  |b SNK  |y PREZ  |7 0  |p 17A0083202  |o snkČSD 1848/1995-1996  |i snkKSP 7817/96  |0 0  |1 0  |4 0  |d 1996-09-25  |l 0  |r 2005-01-01 00:00:00  |w 2026-02-21 
952 |a SNK  |b SNK  |y PREZ  |7 0  |p 17A0011563  |o snkČSD 1848/1995-1996 D1  |i snkKSP 7818/96  |0 0  |1 0  |4 0  |d 1996-09-25  |l 0  |r 2005-01-01 00:00:00  |w 2026-02-21 
952 |a SNK  |b SNK  |y PREZ  |7 0  |p 17A0342110  |o snkČSD 1848/2001-2002  |i snkKSP 4809/2002  |0 0  |1 0  |4 0  |d 2002-04-26  |l 0  |r 2005-01-02 00:00:00  |w 2026-02-21 
952 |a SNK  |b SNK  |y PREZ  |7 0  |p 17A0342111  |o snkČSD 1848/2001-2002 D1  |i snkKSP 4810/2002  |0 0  |1 0  |4 0  |d 2002-04-26  |l 0  |r 2005-01-02 00:00:00  |w 2026-02-21 
952 |a SNK  |b SNK  |y PREZ  |7 0  |p 17A0183819  |o snkČSD 1848/1998-1999  |i snkKSP 2483/99  |0 0  |1 0  |4 0  |d 1999-03-10  |l 0  |r 2005-01-02 00:00:00  |w 2026-02-21 
952 |a SNK  |b SNK  |y PREZ  |7 0  |p 17A0183820  |o snkČSD 1848/1998-1999 D1  |i snkKSP 2484/99  |0 0  |1 0  |4 0  |d 1999-03-10  |l 0  |r 2005-01-02 00:00:00  |w 2026-02-21